| 000 | 00525nam a2200169 i 4500 | ||
|---|---|---|---|
| 001 | 135686 | ||
| 003 | ES-MaACL | ||
| 005 | 20230906194931.0 | ||
| 007 | t| | ||
| 008 | 070730s1971 sp ||||1| spa d | ||
| 100 | 1 |
_aTorrero, Antonio. _9110870 |
|
| 245 | 1 | 0 |
_aAnálisis financiero del sector bancario... 1971 / _cDirectores: Antonio Torrero, Adolfo Sánchez Real. |
| 260 |
_a[Madrid : _bMapfre, _c1971] |
||
| 300 |
_a176 p. ; _c22 cm. |
||
| 700 | 1 |
_aSánchez Real, Adolfo. _9102869 |
|
| 852 |
_aES-MaACL _jC-42749 _bR.79926 |
||
| 999 |
_c135686 _d135686 |
||